000 00662nam a2200169 a 4500
008 201202s2019 ||||||||||||||||| || u
020 _a9781335008497
050 _aPZ 7.D359
100 _aDavis, Dana L
245 1 4 _aThe voice in my head
_cBy Dana L. Davis
260 _aOntario
_bink yard press
_c2019
300 _a308 pages
350 _a15.03
650 _aENGLISH LANGUAGE
995 _FCBU-MAIN LIBRARY (Kitwe)
_I15.03
_M1
_UAVAILABLE
_WDec 11, 2020
_ZFiction Collection
995 _FCBU-MAIN LIBRARY (Kitwe)
_I15.03
_M2
_UAVAILABLE
_WDec 11, 2020
_ZFiction Collection
999 _c78378
_d78378